=LDR 00000nam 2200000 4500 =001 INLIS000000000007936 =005 20130612095848 =008 ***********************************Ind** =035 ##$$0010-061300000007936 =041 ##$$a Ind =082 ##$$a 001.2 =090 ##$$a 001.2, Hus b =100 ##$$a Husain, Abdul Rajak =245 ##$$a Buku pintar aku tahu, Abdul Rajak Husain =260 ##$$a 1987 $b Solo =650 ##$$a Penelitian